Sześć najbliższych państw - Indie - Statystyki

Ogólne statystyki
  • Ten quiz został rozwiązany 26 razy
  • Średni wynik to 5 z 6
Statystyki odpowiedzi
km Państwa % Poprawnych
0 Pakistan
100%
0 Chiny
96%
0 Bangladesz
91%
0 Bhutan
74%
0 Mjanma
74%
0 Nepal
74%
Nie znaleziono quizów pasujących do podanych kryteriów
Rozkład punktacji
Procent ludzi z każdym wynikiem
Percentyl według liczby udzielonych odpowiedzi
Twoja historia wyników
Nie rozwiązałeś tego quizu